MARC

LEADER 00000nas a2200000 a 4500
001 ssj0005188
003 WaSeSS
005 20200512172242.0
006 m d
007 cr n
008 050822c19829999dcufr p s | a0eng
010 |a  2008214781 
015 |a GBB639947  |2 bnb 
016 7 |a 016008832  |2 Uk 
022 |a 1944-1053  |l 0734-3469  |y 0734-3469 
035 |a (WaSeSS)ssj0005188 
037 |b Taylor & Francis Group, 325 Chestnut St., Ste 800, Philadelphia, PA 19106  |c $168 (institutions) 
040 |a OCLCS  |b eng  |e pn  |c OCLCS  |d OCLCS  |d NSD  |d DLC  |d OCLCQ  |d UKMGB  |d OCLCQ  |d OCLCF  |d OCLCO  |d OCL  |d OCLCO  |d OCLCQ  |d WT2  |d OCLCA  |d OCLCQ  |d OCLCO  |d AU@  |d U3W  |d DLC  |d OCLCQ  |d OCLCO  |d WaSeSS 
042 |a pcc  |a nsdp 
043 |a n-us--- 
050 0 0 |a JK1041 
082 1 0 |a 328.73  |2 14 
082 0 4 |a 328.73/005  |2 19 
130 0 |a Congress & the presidency (Online) 
222 0 |a Congress & the presidency  |b (Online) 
245 1 0 |a Congress & the presidency  |h [electronic resource]. 
246 3 0 |a Congress and the presidency 
246 1 3 |a Journal of capitol studies 
260 |a London. :  |b Routledge, Taylor & Francis Group 
310 |a Semiannual 
362 1 |a Print began with v. 9, no. 1 (winter, 1981/1982). 
500 |a A journal of capitol studies. 
506 |a License restrictions may limit access. 
550 |a Issued by American University, Center for Congressional and Presidential Studies. 
588 0 |a Vol. 36, issue 1 (Jan./Apr. 2009); title from cover image (Informaworld website viewed Dec. 2, 2009). 
588 1 |a Vol. 47, issue 1 (2020) (viewed Mar. 11, 2020). 
610 1 0 |a United States.  |b Congress  |v Periodicals. 
610 1 6 |a États-Unis.  |b Congress  |v Périodiques. 
610 1 7 |a United States.  |b Congress.  |2 fast  |0 (OCoLC)fst00529490 
650 0 |a Presidents  |z United States  |v Periodicals. 
650 6 |a Présidents  |z États-Unis  |v Périodiques. 
650 7 |a Politics and government  |2 fast  |0 (OCoLC)fst01919741 
650 7 |a Presidents.  |2 fast  |0 (OCoLC)fst01075723 
651 0 |a United States  |x Politics and government  |v Periodicals. 
651 6 |a États-Unis  |x Politique et gouvernement  |v Périodiques. 
651 7 |a United States.  |2 fast  |0 (OCoLC)fst01204155 
655 0 |a Electronic journals. 
710 2 |a American University (Washington, D.C.).  |b Center for Congressional and Presidential Studies. 
776 0 8 |i Print version:  |t Congress & the presidency  |x 0734-3469  |w (DLC) 83644918  |w (OCoLC)8373939 
780 0 0 |t Congressional studies 
850 |a DLC 
856 4 0 |z Full text available from Research Library: 04/01/1997 to 09/30/2014  |u https://search.proquest.com/publication/35229